| 000 | 00423cam a22001451 4500 | ||
|---|---|---|---|
| 082 |
_a697.93 _bDOS _cL-8, P-28 |
||
| 100 | 1 |
_aDossat, Roy J. _941880 |
|
| 245 | 0 | 0 | _aPrinciples of refrigeration. |
| 260 |
_aNew York, _bWiley _c[1961] |
||
| 300 |
_a544 p. _billus. _c25 cm. |
||
| 526 |
_a0 _b0 _c0 _d697_930000000000000_DOS |
||
| 650 | 0 |
_aMCE _9379 |
|
| 650 | 0 |
_aRefrigeration and refrigerating machinery. _919031 |
|
| 942 |
_2ddc _cBK |
||
| 999 |
_c545899 _d545899 |
||